| 000 | 00511nam a22001697a 4500 | ||
|---|---|---|---|
| 999 |
_c9284 _d9284 |
||
| 008 | 210401b ||||| |||| 00| 0 eng d | ||
| 040 | _aBMS College of Architecture | ||
| 100 | _aJ, Uma | ||
| 245 | _aShopping mall and Teheater Bangalore | ||
| 300 | _aNA | ||
| 500 | _a1BM00AT035 | ||
| 502 |
_8B.Arch _NBMS College of Architecture, Visvesvaraya Technological University _aProject report _d2005 |
||
| 650 | _aTheater | ||
| 700 |
_aRama Subramanyam _eGuide |
||
| 700 |
_aSridhar Rajan _eGuide |
||
| 942 |
_2ddc _cTHE |
||